Mechanics of materials (Record no. 6027)

000 -LEADER
fixed length control field 00600nam a2200229 i 4500
001 - CONTROL NUMBER
control field 6027
003 - CONTROL NUMBER IDENTIFIER
control field BD-DhUET
008 - FIXED-LENGTH DATA ELEMENTS--GENERAL INFORMATION
fixed length control field 770505s1978 nyua 001 0 eng
040 ## - CATALOGING SOURCE
Original cataloging agency DLC
Transcribing agency DLC
Modifying agency BD-DhUET
082 00 - DEWEY DECIMAL CLASSIFICATION NUMBER
Classification number 620.11
Item number HIG/1978
100 ## - MAIN ENTRY--PERSONAL NAME
Personal name Higdon, Archie
245 00 - TITLE STATEMENT
Title Mechanics of materials
250 ## - EDITION STATEMENT
Edition statement 3rd ed.
260 ## - PUBLICATION, DISTRIBUTION, ETC. (IMPRINT)
Place of publication, distribution, etc. New York
Name of publisher, distributor, etc. John Wiley and Sons
Date of publication, distribution, etc. 1978
300 ## - PHYSICAL DESCRIPTION
Extent xiv, 752 p.
Other physical details ill.
Dimensions 24 cm.
504 ## - BIBLIOGRAPHY, ETC. NOTE
Bibliography, etc Includes bibliographies
650 #0 - SUBJECT ADDED ENTRY--TOPICAL TERM
Topical term or geographic name as entry element Strength of materials
700 ## - ADDED ENTRY--PERSONAL NAME
Personal name Ohlsen, Wdward H.
700 ## - ADDED ENTRY--PERSONAL NAME
Personal name Stiles , William B.
700 ## - ADDED ENTRY--PERSONAL NAME
Personal name Weese, John A.
942 ## - ADDED ENTRY ELEMENTS (KOHA)
Koha item type General Book
Holdings
Withdrawn status Date acquired Lost status Sublocation or collection (holding branch) Koha renewals Damaged status Koha date last seen Copy number Piece designation (barcode) Koha collection Koha item type Shelving location Source of classification or shelving scheme Location (home branch) Koha issues (times borrowed) Koha date last borrowed Not for loan Koha full call number Koha normalized classification for sorting Price effective from
 2014-11-29 Central Library, BUET  2014-11-29761731 General BookCirculation section Central Library, BUET   620.11/HIG/1978620_110000000000000_HIG_19782014-11-29
 2014-12-02 Central Library, BUET  2014-12-02261725 General BookCirculation section Central Library, BUET   620.11/HIG/1978620_110000000000000_HIG_19782014-12-02
 2014-12-02 Central Library, BUET  2014-12-02361733 General BookCirculation section Central Library, BUET   620.11/HIG/1978620_110000000000000_HIG_19782014-12-02
 2014-12-02 Central Library, BUET1 2024-02-13461727 General BookCirculation section Central Library, BUET12019-02-27 620.11/HIG/1978620_000000000000000_11HIG19782014-12-02
 2014-12-02 Central Library, BUET  2014-12-02561726 General BookCirculation section Central Library, BUET   620.11/HIG/1978620_110000000000000_HIG_19782014-12-02
 2014-12-02 Central Library, BUET  2014-12-02661728 General BookCirculation section Central Library, BUET   620.11/HIG/1978620_000000000000000_11HIG19782014-12-02
 2014-12-02 Central Library, BUET  2014-12-02161730 General BookCirculation section Central Library, BUET   620.11/HIG/1978620_000000000000000_11HIG19782014-12-02
 2014-12-02 Central Library, BUET  2014-12-02861732 General BookCirculation section Central Library, BUET   620.11/HIG/1978620_000000000000000_11HIG19782014-12-02
 2015-01-10 Central Library, BUET  2015-01-10961729 General BookCirculation section Central Library, BUET   620.11/HIG/1978620_110000000000000_HIG_19782015-01-10
 2015-01-28 Central Library, BUET  2015-01-281061734Non FictionGeneral BookCirculation section Central Library, BUET   620.11/HIG/1978620_110000000000000_HIG_19782015-01-28